| 000 | 00514caa a22001692a 4500 | ||
|---|---|---|---|
| 001 | 015023 | ||
| 003 | AR-FADEU | ||
| 008 | 311216n########xxu####################dd | ||
| 092 |
_a813.01 _bG786 |
||
| 100 | _aBierce, Ambrose | ||
| 245 | _aThe boarded window | ||
| 300 | _aPP. 154-159 | ||
| 500 | _aEn: GREAT american short stories / ed. Wallace. New York : DELL, 1978 | ||
| 546 | _aInglés | ||
| 942 | _cBDGR | ||
| 999 |
_c20782 _d20782 |
||
| 773 | 0 |
_020763 _920552 _a _b _dNew York _o0174 _tGREAT american short stories _w( AR-FADEU) 015004 _x _z |
|